Snaha o nezávislosť Faerských ostrovov a ich prípadný vstup do EÚ bakalárska práca

Gespeichert in:
Bibliographische Detailangaben
1. Verfasser: Surový, Aurel
Körperschaft: Fakulta medzinárodných vzťahov EU. Katedra medzinárodných politických vzťahov
Weitere Verfasser: Orlovská, Sofia, 1997-
Format: Buch
Sprache:Slowakisch
Veröffentlicht: Bratislava 2023
Tags: Tag hinzufügen
Keine Tags, Fügen Sie das erste Tag hinzu!

MARC

LEADER 00000nbm a2200000 4500
001 0293219
005 20240321093140.9
041 0 |a slo 
044 |a SK 
245 1 0 |a Snaha o nezávislosť Faerských ostrovov a ich prípadný vstup do EÚ  |b bakalárska práca  |c Aurel Surový ; školiteľ: Tatiana Damašková 
264 1 |a Bratislava  |c 2023 
300 |a 48 s. 
100 1 |a Surový, Aurel 
700 1 |a Orlovská, Sofia, 1997- 
710 2 |a Fakulta medzinárodných vzťahov EU. Katedra medzinárodných politických vzťahov